Postavenie Švajčiarska v medzinárodnom obchode a investíciách bakalárska práca

Gespeichert in:
Bibliographische Detailangaben
1. Verfasser: Michliková, Emília
Körperschaft: Fakulta medzinárodných vzťahov EU. Katedra medzinárodných ekonomických vzťahov a hospodárskej diplomacie
Weitere Verfasser: Janubová, Barbora, 1991-
Format: Buch
Sprache:Slowakisch
Veröffentlicht: Bratislava 2023
Tags: Tag hinzufügen
Keine Tags, Fügen Sie das erste Tag hinzu!

MARC

LEADER 00000nbm a2200000 4500
001 0293183
005 20240320092519.8
041 0 |a slo 
044 |a SK 
245 1 0 |a Postavenie Švajčiarska v medzinárodnom obchode a investíciách  |b bakalárska práca  |c Emília Michliková ; školiteľ: Barbora Janubová 
264 1 |a Bratislava  |c 2023 
300 |a 49 s. 
100 1 |a Michliková, Emília 
700 1 |a Janubová, Barbora, 1991- 
710 2 |a Fakulta medzinárodných vzťahov EU. Katedra medzinárodných ekonomických vzťahov a hospodárskej diplomacie